[Event "Stockholm Elo Challenge"]
[Site "Stockholm"]
[Date "2019.06.02"]
[Round "7"]
[White "Sjodin, Bengt"]
[Black "Grahn, Vidar"]
[Result "1/2-1/2"]
[WhiteElo "1974"]
[BlackElo "1976"]
[PlyCount "99"]
[EventDate "2019.05.29"]
[EventType "swiss"]
[EventRounds "7"]
[EventCountry "SWE"]
[SourceTitle "CBM 190 Extra"]
[Source "ChessBase"]
[SourceDate "2019.07.15"]
[SourceVersion "1"]
[SourceVersionDate "2019.07.15"]
[SourceQuality "1"]

1. d4 d5 2. Bf4 Nf6 3. e3 c5 4. Nf3 Bg4 5. Bb5+ Nc6 6. c3 e6 7. Nbd2 Qa5 8. Qa4 Qxa4 9. Bxa4 Nd7 10. Ne5 Ndxe5 11. Bxe5 f6 12. Bf4 cxd4 13. exd4 Kf7 14. 0-0 g5 15. Be3 Bd6 16. f4 h6 17. Bc2 Ke7 18. Rae1 Rag8 19. f5 e5 20. Bb3 exd4 21. Bxd4+ Be5 22. Bxd5 Nxd4 23. cxd4 Rd8 24. dxe5 Rxd5 25. exf6+ Kxf6 26. Ne4+ Kg7 27. f6+ Kf7 28. h3 Be6 29. Rf2 Re8 30. g4 Rd4 31. Nc3 Bd7 32. Rxe8 Bxe8 33. Ne2 Rd2 34. Ng3 Rxf2 35. Kxf2 Kxf6 36. Ke3 Bg6 37. Kd4 b6 38. a3 Bf7 39. b4 a6 40. Ne4+ Ke6 41. Nc3 Kd6 42. Na4 b5 43. Nc5 Bd5 44. Nxa6 Bg2 45. Nc5 Bxh3 46. Ne4+ Ke6 47. Nf2 Bf1 48. Ke3 Bc4 49. Nh1 Ke5 50. Nf2 1/2-1/2

[Event "Stockholm op"]
[Site "Stockholm"]
[Date "2018.08.18"]
[Round "8"]
[White "Nebrin, Johan"]
[Black "Sjodin, Bengt"]
[Result "1/2-1/2"]
[WhiteElo "1863"]
[BlackElo "2026"]
[PlyCount "68"]
[EventDate "2018.08.13"]
[EventType "swiss"]
[EventRounds "9"]
[EventCountry "SWE"]
[SourceTitle "EXT 2019"]
[Source "ChessBase"]
[SourceDate "2018.10.10"]
[SourceVersion "1"]
[SourceVersionDate "2018.10.10"]
[SourceQuality "1"]

1. d4 e6 2. c4 b6 3. Nf3 Bb7 4. Nc3 Nf6 5. Bg5 h6 6. Bh4 Bb4 7. Qb3 a5 8. e3 d6 9. Nd2 g5 10. Bg3 Nh5 11. a3 Bxc3 12. Qxc3 Nd7 13. d5 e5 14. Be2 Nxg3 15. hxg3 Qf6 16. Bg4 Nc5 17. e4 Bc8 18. Bxc8 Rxc8 19. b4 Nb7 20. Qf3 Ke7 21. Qxf6+ Kxf6 22. g4 Kg6 23. Ke2 Ra8 24. Nb3 h5 25. gxh5+ Rxh5 26. Rxh5 Kxh5 27. Rh1+ Kg6 28. b5 Rf8 29. g4 f6 30. Ke3 Nd8 31. Nc1 Nf7 32. Ne2 Rh8 33. Rxh8 Nxh8 34. Ng3 Kf7 1/2-1/2

[Event "Hasselbacken op"]
[Site "Stockholm"]
[Date "2016.04.30"]
[Round "1"]
[White "Postny, Evgeny"]
[Black "Sjodin, Bengt"]
[Result "1-0"]
[WhiteElo "2673"]
[BlackElo "2031"]
[PlyCount "29"]
[EventDate "2016.04.30"]
[EventType "swiss"]
[EventRounds "9"]
[EventCountry "SWE"]
[SourceTitle "CBM 172 Extra"]
[Source "ChessBase"]
[SourceDate "2016.06.21"]
[SourceVersion "1"]
[SourceVersionDate "2016.06.21"]
[SourceQuality "1"]

1. d4 e6 2. c4 b6 3. e4 Bb4+ 4. Bd2 Bxd2+ 5. Qxd2 Ne7 6. Nc3 d5 7. Nf3 0-0 8. 0-0-0 c6 9. h4 Nd7 10. h5 c5 11. h6 g6 12. dxc5 Qc7 13. exd5 exd5 14. Qd4 f6 15. Nxd5 1-0

[Event "Stockholm op"]
[Site "Stockholm"]
[Date "2014.06.01"]
[Round "9"]
[White "Einar, Per"]
[Black "Sjodin, Bengt"]
[Result "0-1"]
[WhiteElo "1751"]
[BlackElo "2036"]
[PlyCount "95"]
[EventDate "2014.05.28"]
[EventType "swiss"]
[EventRounds "9"]
[EventCountry "SWE"]
[SourceTitle "CBM 160 Extra"]
[Source "ChessBase"]
[SourceDate "2014.07.01"]
[SourceVersion "1"]
[SourceVersionDate "2014.07.01"]
[SourceQuality "1"]

1. e4 e6 2. d4 d5 3. exd5 exd5 4. Nf3 Nf6 5. c4 Be7 6. Bd3 0-0 7. h3 Bb4+ 8. Nc3 Re8+ 9. Be3 c6 10. 0-0 dxc4 11. Bxc4 Be6 12. Bxe6 Rxe6 13. Qb3 Na6 14. a3 Bxc3 15. bxc3 b6 16. Qc4 b5 17. Qb3 Qd5 18. Qc2 Nd7 19. Rfc1 Nb6 20. Re1 h6 21. Bf4 Rae8 22. Rxe6 Rxe6 23. Re1 Rxe1+ 24. Nxe1 Qc4 25. Nf3 Qe6 26. Ne5 Nc7 27. Bg3 f5 28. f4 g6 29. h4 Kg7 30. Qd3 a5 31. Qf3 Ncd5 32. h5 g5 33. fxg5 hxg5 34. Qd3 Ne7 35. Nf3 f4 36. Nxg5 Qe3+ 37. Qxe3 fxe3 38. Ne6+ Kh6 39. Bf4+ Kxh5 40. Bxe3 Nc4 41. Bc1 Nd5 42. Kh2 Nxc3 43. Kh3 Ne2 44. g4+ Kg6 45. Nf4+ Nxf4+ 46. Bxf4 Nxa3 47. Bd6 Nc4 48. Bf4 0-1

[Event "Stockholm op"]
[Site "Stockholm"]
[Date "2014.05.30"]
[Round "5"]
[White "Agrest, Inna"]
[Black "Sjodin, Bengt"]
[Result "1-0"]
[WhiteElo "2198"]
[BlackElo "2036"]
[PlyCount "49"]
[EventDate "2014.05.28"]
[EventType "swiss"]
[EventRounds "9"]
[EventCountry "SWE"]
[SourceTitle "CBM 160 Extra"]
[Source "ChessBase"]
[SourceDate "2014.07.01"]
[SourceVersion "1"]
[SourceVersionDate "2014.07.01"]
[SourceQuality "1"]

1. e4 e6 2. d4 d5 3. Nc3 dxe4 4. Nxe4 Nd7 5. Nf3 Ngf6 6. Bg5 Be7 7. Nxf6+ Bxf6 8. Bxf6 Nxf6 9. Bd3 0-0 10. Qd2 b6 11. 0-0-0 Bb7 12. Qf4 Qd6 13. Ne5 c5 14. dxc5 Qxc5 15. Rhe1 Qe7 16. Qh4 h6 17. Ng4 Nd5 18. Nxh6+ gxh6 19. Qxh6 f6 20. Re4 f5 21. Rxe6 Qh7 22. Qg5+ Kf7 23. Rh6 Qg7 24. Qxf5+ Kg8 25. Qe6+ 1-0

[Event "Stockholm op"]
[Site "Stockholm"]
[Date "2014.05.28"]
[Round "2"]
[White "Sjodin, Bengt"]
[Black "Karlsson, Lars"]
[Result "0-1"]
[WhiteElo "2036"]
[BlackElo "2419"]
[PlyCount "86"]
[EventDate "2014.05.28"]
[EventType "swiss"]
[EventRounds "9"]
[EventCountry "SWE"]
[SourceTitle "CBM 160 Extra"]
[Source "ChessBase"]
[SourceDate "2014.07.01"]
[SourceVersion "1"]
[SourceVersionDate "2014.07.01"]
[SourceQuality "1"]

1. d4 e6 2. Nf3 f5 3. Bf4 Nf6 4. e3 b6 5. c4 Bb4+ 6. Nc3 Bb7 7. Bd3 Bxc3+ 8. bxc3 0-0 9. 0-0 Ne4 10. Bxe4 fxe4 11. Nd2 Nc6 12. Bg3 Na5 13. Qg4 Rc8 14. Nxe4 Bxe4 15. Qxe4 Nxc4 16. Qd3 d5 17. e4 c5 18. Rfe1 Rf7 19. Re2 cxd4 20. cxd4 b5 21. Rae1 Rc6 22. Qb3 a6 23. a4 Rb7 24. axb5 Rxb5 25. Qf3 a5 26. Qg4 a4 27. exd5 Qxd5 28. Be5 Qd7 29. Bf6 h5 30. Qg3 Qf7 31. Be5 a3 32. Qd3 Qf5 33. Qd1 Nxe5 34. dxe5 Rb2 35. f3 Rcc2 36. Rxc2 Qxc2 37. Qxc2 Rxc2 38. Ra1 a2 39. h4 Kf7 40. Kh2 Kg6 41. Kg3 Kf5 42. f4 Rc3+ 43. Kf2 Ra3 0-1

[Event "Stockholm All Saints op"]
[Site "Stockholm"]
[Date "2013.11.01"]
[Round "4"]
[White "Bellon Lopez, Juan Manuel"]
[Black "Sjodin, Bengt"]
[Result "1-0"]
[WhiteElo "2378"]
[BlackElo "2017"]
[PlyCount "63"]
[EventDate "2013.10.31"]
[EventType "swiss"]
[EventRounds "7"]
[EventCountry "SWE"]
[SourceTitle "EXT 2014"]
[Source "ChessBase"]
[SourceDate "2013.11.20"]
[SourceVersion "1"]
[SourceVersionDate "2013.11.20"]
[SourceQuality "1"]

1. d4 e6 2. Nf3 Nf6 3. e3 b6 4. Bd3 Bb7 5. 0-0 c5 6. c4 Be7 7. b3 0-0 8. Bb2 Na6 9. Nc3 Nb4 10. Bb1 d5 11. a3 cxd4 12. exd4 Na6 13. Qe2 dxc4 14. bxc4 Rc8 15. Rd1 Nc7 16. Bd3 Qd6 17. h3 a6 18. Rac1 Rfd8 19. Qe3 Nh5 20. Ne2 g6 21. Ne5 g5 22. f3 Ne8 23. c5 bxc5 24. dxc5 Qb8 25. c6 Ba8 26. Bd4 Bf6 27. Qe4 Bxe5 28. Bxe5 f5 29. Qe3 f4 30. Bxh7+ Kf8 31. Qc5+ Nd6 32. Rxd6 1-0

[Event "Stockholm Elo-Challenge"]
[Site "Stockholm"]
[Date "2012.??.??"]
[Round "6"]
[White "Evertsson, Lennart"]
[Black "Sjodin, Bengt"]
[Result "1-0"]
[WhiteElo "2130"]
[BlackElo "2007"]
[PlyCount "94"]
[EventDate "2012.05.16"]
[EventType "swiss"]
[EventRounds "9"]
[EventCountry "SWE"]
[SourceTitle "EXT 2024"]
[Source "ChessBase"]
[SourceDate "2023.10.10"]
[SourceVersion "1"]
[SourceVersionDate "2023.10.10"]
[SourceQuality "1"]

1. c4 e6 2. Nf3 Nf6 3. g3 b6 4. Bg2 Bb7 5. 0-0 Be7 6. Nc3 0-0 7. d3 d5 8. cxd5 exd5 9. Ne5 Nbd7 10. f4 Bd6 11. d4 c5 12. e3 cxd4 13. exd4 Ne4 14. Qb3 Ndf6 15. Be3 Rc8 16. a4 Nxc3 17. bxc3 Qc7 18. Rac1 Ba6 19. Rfe1 Bc4 20. Qb2 Bxe5 21. dxe5 Ne4 22. Red1 Rcd8 23. Ra1 Rfe8 24. Qb4 f5 25. Bh3 Qf7 26. Qb2 Re6 27. Bg2 Rd7 28. Bf3 h5 29. Kh1 Rh6 30. Rg1 Rc7 31. h4 Nxc3 32. a5 b5 33. Bxa7 Na4 34. Rxa4 bxa4 35. Bb6 Rb7 36. Qb4 Qe7 37. Qxa4 Rhxb6 38. axb6 Rxb6 39. Bxh5 Ra6 40. Qe8+ Qxe8 41. Bxe8 d4 42. Rc1 Bd5+ 43. Kg1 Ra3 44. Rc8 Rxg3+ 45. Kf2 Rc3 46. Rd8 Rf3+ 47. Ke1 Bf7 1-0

[Event "Stockholm Elo op"]
[Site "Stockholm"]
[Date "2009.05.20"]
[Round "1"]
[White "Tikkanen, Hans"]
[Black "Sjodin, Bengt"]
[Result "1-0"]
[WhiteElo "2434"]
[BlackElo "2050"]
[PlyCount "43"]
[EventDate "2009.05.20"]
[EventType "swiss"]
[EventRounds "9"]
[EventCountry "SWE"]
[SourceTitle "EXT 2012"]
[Source "ChessBase"]
[SourceDate "2011.11.24"]
[SourceVersion "1"]
[SourceVersionDate "2011.11.24"]
[SourceQuality "1"]

1. d4 e6 2. c4 d5 3. Nc3 Be7 4. cxd5 exd5 5. Bf4 Nf6 6. e3 a6 7. Rc1 0-0 8. Bd3 Nbd7 9. Nf3 Re8 10. 0-0 Nf8 11. Ne5 Ne6 12. Bg3 c5 13. Bb1 cxd4 14. exd4 Qb6 15. Nxd5 Nxd5 16. Bxh7+ Kf8 17. Qh5 g6 18. Qh6+ Ng7 19. Bxg6 Bf6 20. Rxc8 Bxe5 21. Rxa8 Rxa8 22. Bxe5 1-0

[Event "SWE-chT2 0809"]
[Site "Sweden"]
[Date "2009.03.15"]
[Round "9"]
[White "Sjodin, Bengt"]
[Black "Wiklund, Johan"]
[Result "0-1"]
[WhiteElo "1999"]
[BlackElo "1966"]
[PlyCount "130"]
[EventDate "2008.10.25"]
[EventType "team-tourn"]
[EventRounds "9"]
[EventCountry "SWE"]
[SourceTitle "EXT 2011"]
[Source "ChessBase"]
[SourceDate "2010.11.26"]
[SourceVersion "1"]
[SourceVersionDate "2010.11.26"]
[SourceQuality "1"]

1. d4 e6 2. Nf3 f5 3. d5 Be7 4. Nc3 Nf6 5. e3 0-0 6. Bc4 Bb4 7. dxe6 dxe6 8. Bd2 Nc6 9. 0-0 Kh8 10. a3 Bd6 11. Nb5 Ne4 12. Nxd6 Qxd6 13. Be1 Rd8 14. Qxd6 Rxd6 15. b4 a6 16. a4 b6 17. Bd3 Nf6 18. Ng5 Kg8 19. Bc4 h6 20. Nf3 Kh7 21. Rb1 e5 22. b5 e4 23. Nd2 Ne5 24. Be2 axb5 25. axb5 Be6 26. h3 Ra2 27. Rc1 g5 28. f4 exf3 29. Nxf3 Nxf3+ 30. gxf3 Nd5 31. Bc4 Rb2 32. Bxd5 Rxd5 33. c4 Rc5 34. Bc3 Rb3 35. Bd4 Rxc4 36. Rxc4 Bxc4 37. Rc1 Rb4 38. Be5 Rxb5 39. Bxc7 Bd5 40. f4 g4 41. hxg4 fxg4 42. Be5 Rc5 43. Rd1 h5 44. Rd4 Bf3 45. Rd7+ Kg8 46. Rc7 Rd5 47. Bd4 Rb5 48. Kf2 h4 49. Bf6 h3 50. Kg3 Rb1 51. Rc2 Rg1+ 52. Kh2 Rg2+ 53. Rxg2 Bxg2 54. Kg3 Kf7 55. Bc3 Ke6 56. Kh2 Kf5 57. Kg3 Ke4 58. Bd4 b5 59. Bc5 Bf3 60. Kh2 Kd5 61. Bd4 Be4 62. Kg3 Kc4 63. Be5 b4 64. f5 Bxf5 65. e4 Bc8 0-1

[Event "SWE-chT 0203"]
[Site "Sweden"]
[Date "2002.11.16"]
[Round "4"]
[White "Delveborn, Ingemar"]
[Black "Sjodin, Bengt"]
[Result "1-0"]
[WhiteElo "2163"]
[BlackElo "2246"]
[PlyCount "105"]
[EventDate "2002.10.11"]
[EventType "team"]
[EventRounds "11"]
[EventCountry "SWE"]
[SourceTitle "EXT 2004"]
[Source "ChessBase"]
[SourceDate "2003.11.25"]
[SourceVersion "1"]
[SourceVersionDate "2003.11.25"]
[SourceQuality "1"]
[WhiteTeam "Farsta"]
[BlackTeam "Sodra"]
[WhiteTeamCountry "SWE"]
[BlackTeamCountry "SWE"]

1. c4 c5 2. g3 Nf6 3. Bg2 d5 4. cxd5 Nxd5 5. Nc3 Nc7 6. Nf3 Nc6 7. 0-0 e5 8. Ne1 Bd7 9. Nd3 f6 10. b3 Rc8 11. Bb2 Be7 12. f4 exf4 13. Nxf4 0-0 14. e3 Bd6 15. Ncd5 Ne8 16. Qh5 Be5 17. Nc3 Nc7 18. Qe2 b5 19. Rac1 Nb4 20. a3 Nba6 21. d3 Re8 22. Ne4 Qe7 23. Bxe5 Qxe5 24. Qd2 f5 25. d4 cxd4 26. exd4 Qe7 27. Nc5 Nxc5 28. dxc5 Rcd8 29. Rfe1 Qf6 30. Rxe8+ Bxe8 31. Qe3 g5 32. Nd3 Bf7 33. b4 Re8 34. Qf2 Bc4 35. Rd1 Nd5 36. Nc1 Ne3 37. Rd6 Qe5 38. Qd2 f4 39. Qd4 Nxg2 40. Qxe5 Rxe5 41. Kxg2 Re1 42. Nd3 Re2+ 43. Nf2 Re3 44. gxf4 gxf4 45. c6 Be2 46. c7 Bf3+ 47. Kf1 Bb7 48. Nd3 Kf7 49. Rd8 Re8 50. Nxf4 Bc8 51. Nd5 Bb7 52. Nc3 a6 53. Nd5 1-0

[Event "Stockholm Elo"]
[Site "Stockholm"]
[Date "2000.06.17"]
[Round "8"]
[White "Ullen, Jan"]
[Black "Sjodin, Bengt"]
[Result "0-1"]
[WhiteElo "2139"]
[BlackElo "2169"]
[PlyCount "82"]
[EventDate "2000.06.10"]
[EventType "tourn"]
[EventRounds "9"]
[EventCountry "SWE"]
[SourceTitle "CBM 076 Extra"]
[Source "ChessBase"]
[SourceDate "2000.07.11"]
[SourceVersion "1"]
[SourceVersionDate "2000.07.11"]
[SourceQuality "1"]

1. e4 e6 2. d4 d5 3. Nc3 Nf6 4. Bg5 dxe4 5. Nxe4 Be7 6. Bxf6 gxf6 7. Nf3 b6 8. c4 Bb7 9. Nc3 f5 10. Qd2 Nd7 11. 0-0-0 Nf6 12. Qc2 c6 13. g3 0-0 14. Rg1 Kh8 15. Ne5 Qc7 16. g4 Nxg4 17. Nxg4 fxg4 18. Rxg4 Rg8 19. Rg3 Bh4 20. Bd3 Bxg3 21. hxg3 f5 22. Rh1 Rad8 23. Ne2 Rg7 24. Nf4 Bc8 25. Qc3 Kg8 26. Nh5 Rf7 27. Bc2 Qe7 28. Qe3 c5 29. dxc5 bxc5 30. g4 e5 31. gxf5 Bxf5 32. Rg1+ Kh8 33. Bxf5 Rxf5 34. Ng3 Rf4 35. b3 Qd6 36. Ne2 Rf5 37. Ng3 Rf7 38. Re1 Qd4 39. Qxe5+ Qxe5 40. Rxe5 Rxf2 41. Nf5 Rg8 0-1

[Event "Stockholm Elo"]
[Site "Stockholm"]
[Date "2000.06.13"]
[Round "4"]
[White "Logdahl, Harald"]
[Black "Sjodin, Bengt"]
[Result "1/2-1/2"]
[WhiteElo "2247"]
[BlackElo "2169"]
[PlyCount "132"]
[EventDate "2000.06.10"]
[EventType "tourn"]
[EventRounds "9"]
[EventCountry "SWE"]
[SourceTitle "CBM 076 Extra"]
[Source "ChessBase"]
[SourceDate "2000.07.11"]
[SourceVersion "1"]
[SourceVersionDate "2000.07.11"]
[SourceQuality "1"]

1. e4 e6 2. d4 d5 3. Nd2 Nf6 4. e5 Nfd7 5. Bd3 c5 6. c3 Nc6 7. Ne2 cxd4 8. cxd4 f6 9. Nf4 Nxd4 10. Qh5+ Ke7 11. exf6+ Nxf6 12. Ng6+ hxg6 13. Qxh8 Kf7 14. 0-0 e5 15. Nb3 Nxb3 16. axb3 Bf5 17. Bxf5 gxf5 18. Bg5 Bc5 19. Qh3 Qd7 20. Bxf6 Kxf6 21. Rac1 Bb6 22. Kh1 Re8 23. f4 e4 24. g4 fxg4 25. Qh5 e3 26. f5 e2 27. Qg6+ Ke7 28. Rfe1 Kf8 29. Qxg4 Re5 30. Rxe2 Qxf5 31. Qxf5+ Rxf5 32. Kg2 Kg8 33. Rc8+ Kh7 34. Rb8 Rf7 35. Rd2 Rd7 36. Re8 Bd8 37. Re5 d4 38. Kf3 Bf6 39. Re8 Kg6 40. Ke4 Kf7 41. Rb8 Ke6 42. Kd3 Kd5 43. Re2 Kc5 44. Re4 Kb4 45. h4 Kxb3 46. h5 Kb4 47. Rf8 Rd6 48. Rf4 Be5 49. R4f5 Re6 50. R8f7 b5 51. Rxa7 Bf6 52. Rxf6 Rxf6 53. Rxg7 Rf5 54. h6 Rh5 55. h7 Kb3 56. Kxd4 b4 57. Rb7 Kc2 58. Rxb4 Rxh7 59. Rb8 Rh4+ 60. Kc5 Rh5+ 61. Kd4 Rh4+ 62. Ke5 Rh5+ 63. Kf6 Kd3 64. b4 Kc4 65. Kg6 Rb5 66. Rxb5 Kxb5 1/2-1/2

[Event "SWE-chT 9900"]
[Site "Sweden"]
[Date "2000.??.??"]
[Round "9"]
[White "Lundin, Anders"]
[Black "Sjodin, Bengt"]
[Result "1-0"]
[WhiteElo "2270"]
[BlackElo "2155"]
[PlyCount "79"]
[EventDate "1999.11.??"]
[EventType "team"]
[EventRounds "11"]
[EventCountry "SWE"]
[SourceTitle "EXT 2002"]
[Source "ChessBase"]
[SourceDate "2001.11.25"]
[SourceVersion "1"]
[SourceVersionDate "2001.11.25"]
[SourceQuality "1"]

1. d4 d5 2. c4 e6 3. Nc3 Be7 4. Nf3 Nf6 5. Bg5 h6 6. Bh4 0-0 7. e3 b6 8. Be2 Bb7 9. Bxf6 Bxf6 10. cxd5 exd5 11. 0-0 Nd7 12. b4 c6 13. Qb3 Re8 14. b5 Qc7 15. Rac1 Qd6 16. bxc6 Bxc6 17. Nb5 Bxb5 18. Bxb5 Rec8 19. Qa4 Rxc1 20. Rxc1 Nf8 21. Rc6 Qd8 22. Ba6 Rb8 23. Qc2 Ne6 24. g3 Qe7 25. Qb3 Qd7 26. Bb5 Qd8 27. Bf1 b5 28. Bg2 Qd7 29. Rc1 Qd6 30. Ne1 Nc7 31. Rc5 Rd8 32. Nd3 a5 33. Qc2 Rd7 34. Rc6 Qa3 35. Nf4 Bd8 36. Qf5 Qe7 37. Bxd5 Kh8 38. Be4 g6 39. Rxg6 Rd6 40. Rg8+ 1-0

[Event "SWE-chT 9900"]
[Site "Sweden"]
[Date "2000.??.??"]
[Round "10"]
[White "Sjodin, Bengt"]
[Black "Hall, Jesper"]
[Result "0-1"]
[WhiteElo "2155"]
[BlackElo "2476"]
[PlyCount "70"]
[EventDate "1999.11.??"]
[EventType "team"]
[EventRounds "11"]
[EventCountry "SWE"]
[SourceTitle "EXT 2002"]
[Source "ChessBase"]
[SourceDate "2001.11.25"]
[SourceVersion "1"]
[SourceVersionDate "2001.11.25"]
[SourceQuality "1"]

1. d4 Nf6 2. Nf3 e6 3. c4 c5 4. Nc3 cxd4 5. Nxd4 Bb4 6. g3 Ne4 7. Qd3 Bxc3+ 8. bxc3 Nc5 9. Qe3 b6 10. Bg2 Bb7 11. Bxb7 Nxb7 12. Qf3 Nc6 13. Nxc6 dxc6 14. Qxc6+ Qd7 15. Qb5 Nd6 16. Qg5 f6 17. Qh5+ Qf7 18. Qxf7+ Kxf7 19. c5 bxc5 20. Be3 Rhc8 21. Rb1 Rab8 22. 0-0 Rb6 23. Rfd1 Ke7 24. f3 Kd7 25. Rb3 Kc6 26. Rdb1 Ra6 27. Ra1 Nc4 28. Kf2 Rb6 29. Rab1 Rcb8 30. Bc1 Rxb3 31. axb3 a5 32. e4 a4 33. b4 cxb4 34. cxb4 Kb5 35. Ke2 Rd8 0-1

[Event "Rilton Cup 28th"]
[Site "Stockholm"]
[Date "1999.01.05"]
[Round "8"]
[White "Andersson, Mats"]
[Black "Sjodin, Bengt"]
[Result "1-0"]
[WhiteElo "2320"]
[BlackElo "2175"]
[PlyCount "95"]
[EventDate "1998.12.28"]
[EventType "swiss"]
[EventRounds "9"]
[EventCountry "SWE"]
[SourceTitle "CBM 068 Extra"]
[Source "ChessBase"]
[SourceDate "1999.03.01"]
[SourceVersion "1"]
[SourceVersionDate "1999.03.01"]
[SourceQuality "1"]

1. Nf3 Nf6 2. g3 d5 3. Bg2 c5 4. 0-0 Nc6 5. d4 e6 6. b3 Be7 7. Bb2 0-0 8. e3 Qc7 9. Nbd2 a5 10. c4 Rd8 11. Qc2 a4 12. bxa4 Nb4 13. Qb3 Bd7 14. dxc5 Qxc5 15. a3 Nc6 16. cxd5 Qxd5 17. Qc2 Be8 18. Nc4 Qd3 19. Qxd3 Rxd3 20. Nd4 Nxd4 21. Bxd4 Rxa4 22. Nb2 Raxd4 23. exd4 Rd2 24. Nc4 Rxd4 25. Ne3 b5 26. Rfb1 Ne4 27. Rd1 Ra4 28. Rac1 f5 29. Rc8 Kf7 30. Nc2 Nd6 31. Rb8 Nc4 32. Rxe8 Kxe8 33. Bc6+ Kf7 34. Bxb5 Rxa3 35. Bxc4 Rc3 36. Bd3 Bc5 37. Kf1 g5 38. Ke2 Kf6 39. Rb1 Ba7 40. f3 Rc7 41. Ra1 h5 42. h3 Bc5 43. Ra6 Ke5 44. Bc4 Bd6 45. Kd3 Rd7 46. Nd4 h4 47. Bxe6 Rd8 48. Nc6+ 1-0

[Event "Rilton Cup 28th"]
[Site "Stockholm"]
[Date "1999.01.03"]
[Round "6"]
[White "Sjodin, Bengt"]
[Black "Paterek, Michal"]
[Result "0-1"]
[WhiteElo "2175"]
[BlackElo "2050"]
[PlyCount "110"]
[EventDate "1998.12.28"]
[EventType "swiss"]
[EventRounds "9"]
[EventCountry "SWE"]
[SourceTitle "CBM 068 Extra"]
[Source "ChessBase"]
[SourceDate "1999.03.01"]
[SourceVersion "1"]
[SourceVersionDate "1999.03.01"]
[SourceQuality "1"]

1. d4 f5 2. Nc3 d5 3. Bg5 Nf6 4. Bxf6 exf6 5. e3 c6 6. Bd3 Bd6 7. Qf3 g6 8. Nge2 Be6 9. h3 Qe7 10. g4 fxg4 11. hxg4 Rf8 12. 0-0-0 Nd7 13. Nf4 Bg8 14. e4 dxe4 15. Bxe4 0-0-0 16. Rhe1 Qg7 17. Kb1 Kb8 18. Bd3 Rfe8 19. Ne4 Bc7 20. c3 Re7 21. Nd2 Nb6 22. Re3 Rde8 23. Rde1 Nd5 24. Nxd5 Bxd5 25. Be4 Be6 26. Bd3 Qf7 27. b3 Bd5 28. Be4 Be6 29. Kc2 f5 30. gxf5 gxf5 31. Bd3 f4 32. R3e2 h5 33. Qh1 a6 34. f3 Bb6 35. Qh4 Bd8 36. Qh2 Bc7 37. Rh1 h4 38. Rg1 h3 39. Rg5 Rg8 40. Rxg8+ Qxg8 41. Ne4 Rg7 42. Nf6 Qf7 43. Ne4 Bc8 44. Qh1 Qh5 45. Rh2 Rg3 46. Nd2 Qg5 47. Re2 Rg1 48. Qh2 Rg2 49. Qh1 Rxe2 50. Bxe2 Qg3 51. Qf1 Bd8 52. c4 Qg7 53. d5 h2 54. Ne4 Bf5 55. dxc6 Qg1 0-1

[Event "SWE-chT 9900"]
[Site "Sweden"]
[Date "1999.??.??"]
[Round "2"]
[White "Eklund, Lars Goran"]
[Black "Sjodin, Bengt"]
[Result "1/2-1/2"]
[WhiteElo "2300"]
[BlackElo "2155"]
[PlyCount "52"]
[EventDate "1999.11.??"]
[EventType "team"]
[EventRounds "11"]
[EventCountry "SWE"]
[SourceTitle "EXT 2002"]
[Source "ChessBase"]
[SourceDate "2001.11.25"]
[SourceVersion "1"]
[SourceVersionDate "2001.11.25"]
[SourceQuality "1"]

1. Nf3 Nf6 2. c4 c5 3. d4 cxd4 4. Nxd4 e6 5. a3 d5 6. e3 Be7 7. Be2 0-0 8. 0-0 a6 9. b4 dxc4 10. Bxc4 Qc7 11. Qc2 Bd7 12. Bb2 Ng4 13. Nf3 Rc8 14. Rc1 Bf6 15. Bxf6 Nxf6 16. Nbd2 b5 17. Bd3 Qxc2 18. Rxc2 Rxc2 19. Bxc2 a5 20. bxa5 Rxa5 21. Nb3 Ra8 22. Bd3 Nd5 23. g3 Nb6 24. Nfd4 Nc4 25. a4 Rxa4 26. Rxa4 bxa4 1/2-1/2

[Event "SWE-chT 9900"]
[Site "Sweden"]
[Date "1999.??.??"]
[Round "1"]
[White "Sjodin, Bengt"]
[Black "Astrom, Goran"]
[Result "0-1"]
[WhiteElo "2155"]
[BlackElo "2300"]
[PlyCount "48"]
[EventDate "1999.11.??"]
[EventType "team"]
[EventRounds "11"]
[EventCountry "SWE"]
[SourceTitle "EXT 2002"]
[Source "ChessBase"]
[SourceDate "2001.11.25"]
[SourceVersion "1"]
[SourceVersionDate "2001.11.25"]
[SourceQuality "1"]

1. d4 Nf6 2. Nf3 e6 3. c4 Bb4+ 4. Nc3 c5 5. g3 Ne4 6. Qd3 Qa5 7. Qxe4 Bxc3+ 8. Bd2 Bxd2+ 9. Nxd2 Nc6 10. d5 Nd4 11. a3 0-0 12. dxe6 dxe6 13. 0-0-0 Bd7 14. Qb1 Ba4 15. b4 Qa6 16. Re1 Nc2 17. Bg2 Nxe1 18. Rxe1 cxb4 19. axb4 Bc6 20. e4 b5 21. c5 Rfd8 22. Qb2 Qa4 23. Nf3 Bxe4 24. Qc3 Rd3 0-1

[Event "SWE-chT 9899"]
[Site "Sweden"]
[Date "1999.??.??"]
[Round "7"]
[White "Sjodin, Bengt"]
[Black "Piuva, Matti"]
[Result "1-0"]
[WhiteElo "2175"]
[BlackElo "2205"]
[PlyCount "59"]
[EventDate "1998.??.??"]
[EventType "team"]
[EventRounds "11"]
[EventCountry "SWE"]
[SourceTitle "EXT 2000"]
[Source "ChessBase"]
[SourceDate "1999.11.16"]
[SourceVersion "1"]
[SourceVersionDate "1999.11.16"]
[SourceQuality "1"]

1. d4 Nf6 2. Nf3 g6 3. c4 Bg7 4. Nc3 d5 5. cxd5 Nxd5 6. e4 Nxc3 7. bxc3 c5 8. Rb1 Qa5 9. Rb5 Qxc3+ 10. Bd2 Qa3 11. Qc2 Nc6 12. Rb3 Qxb3 13. axb3 cxd4 14. b4 a6 15. Bc4 0-0 16. 0-0 Bd7 17. Qb3 h6 18. e5 b5 19. Bxf7+ Rxf7 20. e6 Rxf3 21. Qxf3 Be8 22. Rc1 Rc8 23. Qa3 Ra8 24. f4 Bf6 25. g4 g5 26. Rc5 d3 27. Rd5 gxf4 28. Qxd3 Ne5 29. Rxe5 Bxe5 30. Qd5 1-0

[Event "Rilton Cup 28th"]
[Site "Stockholm"]
[Date "1998.12.28"]
[Round "1"]
[White "Sjodin, Bengt"]
[Black "Cramling, Pia"]
[Result "0-1"]
[WhiteElo "2175"]
[BlackElo "2505"]
[PlyCount "78"]
[EventDate "1998.12.28"]
[EventType "swiss"]
[EventRounds "9"]
[EventCountry "SWE"]
[SourceTitle "CBM 068 Extra"]
[Source "ChessBase"]
[SourceDate "1999.03.01"]
[SourceVersion "1"]
[SourceVersionDate "1999.03.01"]
[SourceQuality "1"]

1. d4 Nf6 2. Nf3 g6 3. c4 Bg7 4. Nc3 0-0 5. e4 d6 6. Be2 Na6 7. 0-0 e5 8. dxe5 dxe5 9. Be3 Ng4 10. Bg5 f6 11. Bd2 Nh6 12. Qc1 Nf7 13. Rd1 c6 14. Rb1 Qe7 15. Na4 f5 16. Ng5 f4 17. Nxf7 Qxf7 18. b4 Nc7 19. Nc5 Ne6 20. Nb3 Nd4 21. Nxd4 exd4 22. Rb3 Be6 23. Ra3 Be5 24. Be1 g5 25. g4 h5 26. f3 hxg4 27. fxg4 Qh7 28. Bf3 Rfd8 29. Ra5 Qg7 30. Rd3 b6 31. Ra6 Qf7 32. Rda3 Bxc4 33. Rxa7 Rxa7 34. Rxa7 Qxa7 35. Qxc4+ Kg7 36. Qe6 Qc7 37. h4 Rf8 38. hxg5 Qd6 39. Qb3 d3 0-1